| 000 | 00896caa a22002417a 4500 | ||
|---|---|---|---|
| 999 |
_c410587 _d410587 |
||
| 001 | 123508 | ||
| 003 | UA-OsUOA | ||
| 005 | 20191217190433.0 | ||
| 007 | ta | ||
| 008 | 20170619b un ||||| |||| 00| 0 ukr d | ||
| 040 |
_aUA-OsUOA _cUA-OsUOA _dUA-OsUOA _bukr |
||
| 041 | _aukr | ||
| 080 | _a908 | ||
| 090 |
_a908 _bС88 |
||
| 100 | _aСтудінський В. | ||
| 245 |
_aРоль князів Острозьких у розвитку вітчизняного папірництва: визначення проблеми _cВ. Студінський |
||
| 300 | _aС. 27–28 | ||
| 650 | 7 |
_a908 Краєзнавство _2UDC |
|
| 773 | 0 |
_0399319 _9416567 _dОстрог НаУОА 2015 _o148882 _tОстрозький краєзнавчий збірник _w(UA-OsUOA) 113462 |
|
| 942 |
_cBKA _2udc |
||
| 955 | _a1 | ||